000 00404nam a2200169Ia 4500
003 0STCL
008 150530s9999 xx 000 0 und d
040 _aSTCL
_cSTCL
100 _aDrga Sankar Mishra
245 _aAgency Ka Kavya - Ek Visleshan
260 _bHindi Sahithya Bandar ; Lucknow
_c1974
300 _a0
546 _aHindi
942 _2ddc
_cBK
999 _c65441
_d65441
005 20220125171306.0